[Event "GER Cup Net V2 U2000"]
[Site "Playchess.com INT"]
[Date "2020.05.22"]
[Round "5"]
[White "Scharrer, Udo"]
[Black "May, Alexander1111"]
[Result "1-0"]
[WhiteElo "1698"]
[BlackElo "1577"]
[PlyCount "45"]
[EventDate "2020.05.22"]
[EventType "swiss (blitz)"]
[EventRounds "9"]
[EventCountry "GER"]
[SourceTitle "EXT 2021"]
[Source "ChessBase"]
[SourceDate "2020.10.23"]
[SourceVersion "1"]
[SourceVersionDate "2020.10.23"]
[SourceQuality "1"]

1. d4 Nf6 2. c4 g6 3. Nc3 d6 4. e4 Bg7 5. Be2 Nbd7 6. Bg5 0-0 7. Qd2 Re8 8. h3 e5 9. d5 a6 10. h4 Nc5 11. f3 Qd7 12. g4 h5 13. 0-0-0 hxg4 14. h5 Nxh5 15. fxg4 Nf6 16. Bf3 Nxg4 17. Nh3 Nf6 18. Bh6 Bh8 19. Ng5 Qe7 20. Qh2 Bg4 21. Bf8 Kxf8 22. Qxh8+ Ng8 23. Nh7# 1-0

[Event "GER-ch Net Amateur Gr-A Vor3"]
[Site "Playchess.com INT"]
[Date "2020.04.16"]
[Round "6"]
[White "Scharrer, Udo"]
[Black "Altenbernd, Jannis Domenik"]
[Result "1-0"]
[WhiteElo "1763"]
[BlackElo "1862"]
[PlyCount "69"]
[EventDate "2020.04.16"]
[EventType "swiss (blitz)"]
[EventRounds "9"]
[EventCountry "GER"]
[SourceTitle "CBM 195 Extra"]
[Source "ChessBase"]
[SourceDate "2020.05.31"]
[SourceVersion "1"]
[SourceVersionDate "2020.05.31"]
[SourceQuality "1"]

1. d4 d6 2. c4 e5 3. Nc3 Nc6 4. d5 Nce7 5. e4 f5 6. exf5 Bxf5 7. Nge2 h6 8. Ng3 Bg6 9. Bd3 Bxd3 10. Qxd3 Nf6 11. 0-0 Qd7 12. Nce4 Nxe4 13. Nxe4 Nf5 14. b4 Be7 15. Bb2 0-0 16. c5 Qe8 17. Rac1 Qg6 18. Ng3 Qg4 19. h3 Qf4 20. Nxf5 Rxf5 21. a3 Raf8 22. Rc2 Qg5 23. Bc1 Qh4 24. Be3 Bg5 25. Rcc1 Bxe3 26. fxe3 Qg5 27. Rxf5 Rxf5 28. Rf1 Rxf1+ 29. Kxf1 Qf6+ 30. Kg1 a6 31. c6 b5 32. e4 Qf4 33. Qf3 Qc1+ 34. Kh2 Qxa3 35. Qxa3 1-0

[Event "GER-ch Net Amateur Gr-A Vor2"]
[Site "Playchess.com INT"]
[Date "2020.04.15"]
[Round "5"]
[White "Altenbernd, Jannis Domenik"]
[Black "Scharrer, Udo"]
[Result "1-0"]
[WhiteElo "1849"]
[BlackElo "1753"]
[PlyCount "61"]
[EventDate "2020.04.15"]
[EventType "swiss (blitz)"]
[EventRounds "9"]
[EventCountry "GER"]
[SourceTitle "CBM 196 Extra"]
[Source "ChessBase"]
[SourceDate "2020.07.31"]
[SourceVersion "1"]
[SourceVersionDate "2020.07.31"]
[SourceQuality "1"]

1. d4 Nf6 2. c4 g6 3. Nc3 Bg7 4. e4 d6 5. f3 0-0 6. Bg5 c5 7. d5 e6 8. Qd2 exd5 9. cxd5 h6 10. Be3 h5 11. Bd3 a6 12. a4 Nh7 13. Nge2 Nd7 14. f4 f5 15. exf5 gxf5 16. 0-0 Ndf6 17. Ng3 Ng4 18. Kh1 Nxe3 19. Qxe3 Nf6 20. Bxf5 Ng4 21. Qd3 Qh4 22. Bxg4 Bxg4 23. Rae1 Rae8 24. Rxe8 Rxe8 25. Qg6 Re3 26. Nce4 Qe7 27. f5 Rxe4 28. f6 Qf7 29. Qxf7+ Kxf7 30. fxg7+ Kxg7 31. Nxe4 1-0

[Event "GER-ch Net Amateur Gr-A Vor2"]
[Site "Playchess.com INT"]
[Date "2020.04.15"]
[Round "7"]
[White "Deuer, Marius"]
[Black "Scharrer, Udo"]
[Result "1-0"]
[WhiteElo "1919"]
[BlackElo "1753"]
[PlyCount "63"]
[EventDate "2020.04.15"]
[EventType "swiss (blitz)"]
[EventRounds "9"]
[EventCountry "GER"]
[SourceTitle "CBM 196 Extra"]
[Source "ChessBase"]
[SourceDate "2020.07.31"]
[SourceVersion "1"]
[SourceVersionDate "2020.07.31"]
[SourceQuality "1"]

1. e4 c5 2. Nf3 Nc6 3. d4 cxd4 4. Nxd4 Nf6 5. Nc3 e5 6. Ndb5 d6 7. Bg5 a6 8. Na3 b5 9. Bxf6 gxf6 10. Nd5 Bg7 11. Bd3 Ne7 12. Nxe7 Qxe7 13. 0-0 0-0 14. c4 f5 15. Qh5 Bb7 16. Qxf5 Qe6 17. Qxe6 fxe6 18. cxb5 axb5 19. Nxb5 d5 20. Nc7 Rac8 21. Nxe6 Rfe8 22. exd5 Bxd5 23. Nxg7 Kxg7 24. b3 e4 25. Bb5 Rf8 26. Rac1 Rb8 27. Bc4 Bb7 28. Rfd1 e3 29. fxe3 Rfe8 30. Rd7+ Kh8 31. Rf1 Rxe3 32. Rff7 1-0

[Event "GER-ch Net Amateur Gr-A Vor2"]
[Site "Playchess.com INT"]
[Date "2020.04.15"]
[Round "6"]
[White "Scharrer, Udo"]
[Black "Bellomo, Riccardo"]
[Result "1-0"]
[WhiteElo "1741"]
[BlackElo "1653"]
[PlyCount "137"]
[EventDate "2020.04.15"]
[EventType "swiss (blitz)"]
[EventRounds "9"]
[EventCountry "GER"]
[SourceTitle "CBM 196 Extra"]
[Source "ChessBase"]
[SourceDate "2020.07.31"]
[SourceVersion "1"]
[SourceVersionDate "2020.07.31"]
[SourceQuality "1"]

1. d4 d6 2. c4 Nf6 3. Nc3 g6 4. e4 Bg7 5. Be2 0-0 6. Be3 c6 7. g4 Qa5 8. f3 e5 9. d5 c5 10. h4 h5 11. g5 Ne8 12. Nh3 Bxh3 13. Rxh3 Nd7 14. Rh1 a6 15. Qd2 Rb8 16. Kf2 b5 17. cxb5 axb5 18. a3 c4 19. Rhb1 Nc5 20. b4 cxb3 21. Bxc5 dxc5 22. Rxb3 b4 23. Nd1 Nd6 24. Rab1 Rfd8 25. axb4 cxb4 26. Rxb4 Rxb4 27. Qxb4 Qa7+ 28. Qb6 Qxb6+ 29. Rxb6 f5 30. Bd3 fxe4 31. fxe4 Rf8+ 32. Ke3 Nc8 33. Rb8 Kf7 34. Nb2 Nd6 35. Rxf8+ Kxf8 36. Na4 Ke7 37. Nc5 Nc8 38. Ne6 Bh8 39. Ba6 Nb6 40. Bb5 Kd6 41. Nf8 Nc8 42. Nxg6 Bg7 43. Be2 Nb6 44. Bxh5 Nc4+ 45. Kd3 Nb2+ 46. Ke2 Kc5 47. Ne7 Nc4 48. Nf5 Bf8 49. g6 Nd6 50. Nxd6 Kxd6 51. Bg4 Bh6 52. Be6 Kc5 53. Kf3 Kd4 54. Bf5 Kc5 55. Kg4 Kd6 56. Kf3 Ke7 57. Ke2 Kf6 58. Kd3 Ke7 59. Kc4 Kd6 60. Kb5 Bg7 61. Kb6 Bf6 62. Kb7 Bg7 63. h5 Ke7 64. Kc8 Kd6 65. Kd8 Bf6+ 66. Ke8 Bg7 67. Kf7 Bh6 68. g7 Bxg7 69. Kxg7 1-0

[Event "GER-ch Net Amateur Gr-A Vor2"]
[Site "Playchess.com INT"]
[Date "2020.04.15"]
[Round "8"]
[White "Scharrer, Udo"]
[Black "Lohvinov, Petro"]
[Result "0-1"]
[WhiteElo "1741"]
[BlackElo "1667"]
[PlyCount "66"]
[EventDate "2020.04.15"]
[EventType "swiss (blitz)"]
[EventRounds "9"]
[EventCountry "GER"]
[SourceTitle "CBM 196 Extra"]
[Source "ChessBase"]
[SourceDate "2020.07.31"]
[SourceVersion "1"]
[SourceVersionDate "2020.07.31"]
[SourceQuality "1"]

1. d4 Nf6 2. c4 e6 3. Nc3 Bb4 4. Qc2 0-0 5. Nf3 d5 6. cxd5 Nxd5 7. Bd2 Nd7 8. e4 Nxc3 9. bxc3 Be7 10. Bd3 c5 11. 0-0 b6 12. e5 Bb7 13. Bxh7+ Kh8 14. Be4 Bxe4 15. Qxe4 Rc8 16. Rac1 g6 17. h4 Kg7 18. Bg5 Rh8 19. g3 b5 20. Kg2 Nb6 21. Rb1 a6 22. dxc5 Rxc5 23. Qb7 Bxg5 24. Nxg5 Qc7 25. Qxa6 Ra8 26. Qxb5 Rxb5 27. Rxb5 Rxa2 28. Nf3 Nd5 29. Rfb1 Qxc3 30. Rb7 Qc2 31. Rf1 Ne3+ 32. Kg1 Nxf1 33. Kxf1 Qxf2# 0-1

[Event "GER-ch Net Amateur Gr-A Vor1"]
[Site "Playchess.com INT"]
[Date "2020.04.14"]
[Round "8"]
[White "Scharrer, Udo"]
[Black "Flach, Erich"]
[Result "0-1"]
[WhiteElo "1726"]
[BlackElo "1988"]
[PlyCount "56"]
[EventDate "2020.04.14"]
[EventType "swiss (blitz)"]
[EventRounds "9"]
[EventCountry "GER"]
[SourceTitle "EXT 2021"]
[Source "ChessBase"]
[SourceDate "2020.10.23"]
[SourceVersion "1"]
[SourceVersionDate "2020.10.23"]
[SourceQuality "1"]

1. d4 Nf6 2. c4 c5 3. d5 e6 4. Nc3 exd5 5. cxd5 d6 6. e4 g6 7. f4 Bg7 8. Bb5+ Nfd7 9. a4 0-0 10. Nf3 Na6 11. 0-0 Nb4 12. Re1 a6 13. Bf1 Re8 14. Qb3 f5 15. e5 dxe5 16. d6+ Kh8 17. Ng5 Qf6 18. Nf7+ Kg8 19. Nxe5+ Kf8 20. Nd5 Qxd6 21. Nc7 Rxe5 22. fxe5 Nxe5 23. Nxa8 Be6 24. Qd1 Bd5 25. Bf4 g5 26. Bxg5 Qg6 27. h4 h6 28. Nc7 Bc6 0-1

[Event "Vellmar op 10th"]
[Site "Vellmar"]
[Date "2018.07.15"]
[Round "6"]
[White "Scharrer, Udo"]
[Black "Hahn, Markus"]
[Result "0-1"]
[WhiteElo "2054"]
[BlackElo "2263"]
[PlyCount "80"]
[EventDate "2018.07.12"]
[EventType "swiss"]
[EventRounds "7"]
[EventCountry "GER"]
[SourceTitle "CBM 185 Extra"]
[Source "ChessBase"]
[SourceDate "2018.07.29"]
[SourceVersion "1"]
[SourceVersionDate "2018.07.29"]
[SourceQuality "1"]

1. d4 e6 2. c4 f5 3. g3 Nf6 4. Bg2 c6 5. Nf3 d5 6. 0-0 Bd6 7. Nc3 0-0 8. Qc2 Qe7 9. b3 Nbd7 10. e3 Ne4 11. Bb2 a5 12. Ne2 g5 13. Ne5 g4 14. f3 gxf3 15. Nxf3 b5 16. c5 Bc7 17. a3 Ndf6 18. Nf4 Bd7 19. Rae1 a4 20. b4 Kf7 21. Nd3 Ke8 22. Nfe5 Kd8 23. Bc1 Kc8 24. Bf3 Rg8 25. Re2 Kb7 26. Rg2 Be8 27. Qe2 Ng5 28. Kh1 Nxf3 29. Qxf3 Bh5 30. Qf2 Bg4 31. Nxg4 Rxg4 32. Qe2 h5 33. Rfg1 Rh8 34. Ne1 h4 35. gxh4 Rgxh4 36. Nf3 R4h7 37. Rd1 Ng4 38. h4 Rxh4+ 39. Nxh4 Qxh4+ 40. Kg1 Qh1# 0-1

[Event "Vellmar op 10th"]
[Site "Vellmar"]
[Date "2018.07.13"]
[Round "3"]
[White "Henkemeier, Michael"]
[Black "Scharrer, Udo"]
[Result "1/2-1/2"]
[WhiteElo "1856"]
[BlackElo "2054"]
[PlyCount "64"]
[EventDate "2018.07.12"]
[EventType "swiss"]
[EventRounds "7"]
[EventCountry "GER"]
[SourceTitle "CBM 185 Extra"]
[Source "ChessBase"]
[SourceDate "2018.07.29"]
[SourceVersion "1"]
[SourceVersionDate "2018.07.29"]
[SourceQuality "1"]

1. Nf3 Nf6 2. g3 g6 3. Bg2 Bg7 4. 0-0 0-0 5. d3 d6 6. Nbd2 c5 7. Re1 Nc6 8. c3 e5 9. e4 b5 10. Nf1 b4 11. h3 h6 12. Bd2 bxc3 13. Bxc3 Be6 14. Ne3 Nd4 15. Nh4 Nh7 16. Qd2 Ng5 17. Kh2 Bxh3 18. Bxd4 cxd4 19. Bxh3 Nxh3 20. Kxh3 dxe3 21. Qxe3 Qd7+ 22. Kg2 Rab8 23. Re2 Rfc8 24. Rc1 Rxc1 25. Qxc1 Rc8 26. Rc2 Rxc2 27. Qxc2 d5 28. Nf3 d4 29. Qc5 f6 30. Qc4+ Kh7 31. Qc5 g5 32. b4 h5 1/2-1/2

[Event "Pfarrkirchen Rottal op 1st"]
[Site "Pfarrkirchen"]
[Date "2017.04.17"]
[Round "6"]
[White "May, Ben Iven"]
[Black "Scharrer, Udo"]
[Result "1/2-1/2"]
[WhiteElo "1877"]
[BlackElo "2013"]
[PlyCount "42"]
[EventDate "2017.04.14"]
[EventType "swiss"]
[EventRounds "7"]
[EventCountry "GER"]
[SourceTitle "CBM 177 Extra"]
[Source "ChessBase"]
[SourceDate "2017.04.27"]
[SourceVersion "1"]
[SourceVersionDate "2017.04.27"]
[SourceQuality "1"]

1. e4 c5 2. Nf3 Nc6 3. Nc3 e5 4. Bc4 d6 5. d3 Be7 6. h3 Nf6 7. a4 0-0 8. 0-0 Be6 9. Nd2 Nd4 10. f4 exf4 11. Rxf4 d5 12. exd5 Nxd5 13. Nxd5 Bxd5 14. c3 Bxc4 15. Nxc4 Nc6 16. Qe2 Bg5 17. Rg4 Bxc1 18. Rxc1 Qd7 19. Re4 Rfe8 20. Re1 Rxe4 21. Qxe4 h6 1/2-1/2

[Event "Pfarrkirchen Rottal op 1st"]
[Site "Pfarrkirchen"]
[Date "2017.04.15"]
[Round "2"]
[White "Reinhardt, Bernd"]
[Black "Scharrer, Udo"]
[Result "1/2-1/2"]
[WhiteElo "2216"]
[BlackElo "2013"]
[PlyCount "48"]
[EventDate "2017.04.14"]
[EventType "swiss"]
[EventRounds "7"]
[EventCountry "GER"]
[SourceTitle "CBM 177 Extra"]
[Source "ChessBase"]
[SourceDate "2017.04.27"]
[SourceVersion "1"]
[SourceVersionDate "2017.04.27"]
[SourceQuality "1"]

1. d4 Nf6 2. Nf3 g6 3. Bf4 Bg7 4. e3 0-0 5. Be2 d6 6. h3 c5 7. Nbd2 Be6 8. 0-0 Qb6 9. dxc5 Qxc5 10. c3 Qc7 11. e4 Nc6 12. Be3 d5 13. Qa4 Nxe4 14. Nxe4 dxe4 15. Qxe4 Bf5 16. Qh4 Rad8 17. Bh6 Bd3 18. Bxd3 Rxd3 19. Rae1 Bxh6 20. Qxh6 f6 21. Qh4 Kg7 22. Qc4 Rd7 23. Re4 Rfd8 24. Rfe1 e5 1/2-1/2

[Event "Bad Woerishofen op 33rd"]
[Site "Bad Woerishofen"]
[Date "2017.03.12"]
[Round "3"]
[White "Scharrer, Udo"]
[Black "Fenske, Wolfgang"]
[Result "1-0"]
[WhiteElo "2028"]
[BlackElo "1889"]
[PlyCount "53"]
[EventDate "2017.03.10"]
[EventType "swiss"]
[EventRounds "9"]
[EventCountry "GER"]
[SourceTitle "EXT 2018"]
[Source "ChessBase"]
[SourceDate "2017.10.13"]
[SourceVersion "1"]
[SourceVersionDate "2017.10.13"]
[SourceQuality "1"]

1. d4 Nf6 2. c4 g6 3. Nc3 Bg7 4. e4 d6 5. Be2 0-0 6. Bg5 h6 7. Be3 e5 8. d5 c5 9. g4 Qa5 10. Bd2 Qb6 11. Rb1 Bd7 12. h4 Kh7 13. g5 Ng8 14. h5 Be8 15. gxh6 Bf6 16. Nh3 Qd8 17. Qc1 a6 18. Bg5 Nd7 19. Qe3 Rc8 20. Kd2 Rc7 21. hxg6+ fxg6 22. Bxf6 Rxf6 23. Ng5+ Kh8 24. h7 Ne7 25. Ne6 Rxe6 26. dxe6 Nf8 27. Qf3 1-0

[Event "Bad Woerishofen op 31st"]
[Site "Bad Woerishofen"]
[Date "2015.03.01"]
[Round "3"]
[White "Hess, Max"]
[Black "Scharrer, Udo"]
[Result "1-0"]
[WhiteElo "2114"]
[BlackElo "1979"]
[PlyCount "37"]
[EventDate "2015.02.27"]
[EventType "swiss"]
[EventRounds "9"]
[EventCountry "GER"]
[SourceTitle "CBM 165 Extra"]
[Source "ChessBase"]
[SourceDate "2015.04.21"]
[SourceVersion "1"]
[SourceVersionDate "2015.04.21"]
[SourceQuality "1"]

1. e4 c5 2. Nf3 Nc6 3. Bb5 d6 4. d4 cxd4 5. Qxd4 Bd7 6. Bxc6 Bxc6 7. Nc3 Nf6 8. Bg5 e6 9. 0-0-0 Be7 10. Qd3 0-0 11. Nd4 Qa5 12. f4 Rac8 13. Kb1 a6 14. f5 Bd7 15. Nb3 Qc7 16. e5 dxe5 17. Bxf6 Bc6 18. Bxe7 Qxe7 19. fxe6 1-0